Roland Paris. The Art Deco Jester King.
Uloženo v:
| Hlavní autor: | |
|---|---|
| Médium: | Kniha |
| Jazyk: | angličtina |
| Vydáno: |
Woodbridge, Suffolk, United Kingdom:
ACC Art Books Ltd.,
2016.
|
| Témata: | |
| Tagy: |
Přidat tag
Žádné tagy, Buďte první, kdo vytvoří štítek k tomuto záznamu!
|
MARC
| LEADER | 00000nam a22000007a 4500 | ||
|---|---|---|---|
| 003 | CL-VaPUC | ||
| 005 | 20220822114451.0 | ||
| 008 | 220602b2016 ||||| |||| 00| 0 eng d | ||
| 999 | |c 435765 |d 435763 | ||
| 020 | |a 978-1-85149-823-9 | ||
| 040 | |c Pontificia Universidad Católica de Valparaíso | ||
| 082 | 7 | |a 730.92 SHA 2016 |2 22 | |
| 100 | 1 | |a Shayo, Alberto |e author |9 870118 | |
| 245 | |a Roland Paris. |b The Art Deco Jester King. | ||
| 260 | |a Woodbridge, Suffolk, United Kingdom: |b ACC Art Books Ltd., |c 2016. | ||
| 300 | |a 255 páginas: |b ilustraciones a color. | ||
| 500 | |a c.1 Donación Familia Prof. Alejandro Guzmán Brito. | ||
| 583 | |c 20220602 |k Cristina María Rojas Aguilar | ||
| 600 | |a Paris, Roland |x Arte |9 870124 | ||
| 650 | |a Art deco |x Figurillas |9 870119 | ||
| 942 | |2 ddc |c BK |n 0 | ||
| 952 | |0 0 |1 0 |2 ddc |4 0 |6 730_920000000000000_SHA_2016 |7 1 |8 C_AGB |9 583366 |a BIBDER |b BIBDER |d 2022-06-02 |e Donación |i 5651459 |o 730.92 SHA 2016 |p 5651459 |r 2023-01-25 |t 1 |w 2022-06-02 |y BK_US |k AGB | ||